| 000 | 01035nam a22002777a 4500 | ||
|---|---|---|---|
| 999 |
_c158238 _d158238 |
||
| 005 | 20181023122825.0 | ||
| 010 | _aB-710623 | ||
| 020 | _a0070599408 | ||
| 035 | _aB-710623 | ||
| 037 | _bTata Mc Graw Hill Education | ||
| 082 | _a332.6 | ||
| 100 | _aChandra, Prasanna | ||
| 245 |
_aInvestment analysis and portfolio management / _cby Prasanna Chandra |
||
| 250 | _a2nd ed. | ||
| 260 |
_aNew Delhi _bTata McGraw-Hill Publishing _c2006 |
||
| 270 |
_a7 West Patel Nagar _bNew Delhi _e110008 |
||
| 300 |
_a688p. _bill. _c24 cm.(pbk) |
||
| 490 | _aCFM-MH professional series in finance | ||
| 500 | _aIncludes bibliographical references and indexes. | ||
| 650 | _aInvestments. | ||
| 650 | _aInvestment analysis. | ||
| 650 | _aPortfolio management. | ||
| 942 |
_2ddc _cEN _h332.6 _mCHA |
||